000 00583cam a22002053a 4500
001 35582
003 PGUSA
005 20140828083751.0
008 110315s2011||||xxu|||||s|||||000 | eng d
040 _aPGUSA
_beng
042 _adc
100 1 _aCooper, Marie Jane
245 1 4 _aThe New Guide to Knitting and Crochet
_h[electronic resource] /
_cMarie Jane Cooper
260 _bProject Gutenberg,
_c2011
506 _aPublic domain in the USA.
516 _aElectronic text
830 0 _aProject Gutenberg
_v35582
856 4 0 _uhttp://www.gutenberg.org/ebooks/35582
942 _cEB
999 _c264837
_d264837